<?xml version="1.0" encoding="UTF-8"?>
<record
    xmlns:xsi="http://www.w3.org/2001/XMLSchema-instance"
    xsi:schemaLocation="http://www.loc.gov/MARC21/slim http://www.loc.gov/standards/marcxml/schema/MARC21slim.xsd"
    xmlns="http://www.loc.gov/MARC21/slim">

  <leader>00846na  a2200253   4500</leader>
  <controlfield tag="001">16947</controlfield>
  <controlfield tag="003">MIRAKIL</controlfield>
  <controlfield tag="005">20181213154845.0</controlfield>
  <controlfield tag="008">161018b        tu            000 0      </controlfield>
  <datafield tag="035" ind1=" " ind2=" ">
    <subfield code="a">16947</subfield>
  </datafield>
  <datafield tag="040" ind1=" " ind2=" ">
    <subfield code="a">Milas</subfield>
    <subfield code="b">tur</subfield>
    <subfield code="c">TR-AnCHP</subfield>
  </datafield>
  <datafield tag="041" ind1=" " ind2=" ">
    <subfield code="a">eng</subfield>
  </datafield>
  <datafield tag="082" ind1=" " ind2=" ">
    <subfield code="a">320.9498</subfield>
    <subfield code="b">C32r 1969</subfield>
  </datafield>
  <datafield tag="090" ind1=" " ind2=" ">
    <subfield code="a">320.9498 C32r 1969</subfield>
  </datafield>
  <datafield tag="100" ind1=" " ind2=" ">
    <subfield code="a">Ceau&#x15F;escu, Nicolae</subfield>
    <subfield code="d">1918-1989</subfield>
  </datafield>
  <datafield tag="245" ind1=" " ind2=" ">
    <subfield code="a">Romania on the way of completing socialist construction</subfield>
    <subfield code="b">reports, speeches, articles</subfield>
    <subfield code="c">Nicolae Ceau&#x15F;escu</subfield>
  </datafield>
  <datafield tag="246" ind1=" " ind2=" ">
    <subfield code="a">reports, speeches, articles</subfield>
  </datafield>
  <datafield tag="260" ind1=" " ind2=" ">
    <subfield code="a">B&#xFC;kre&#x15F;</subfield>
    <subfield code="b">Meridiane Publishing House</subfield>
    <subfield code="c">1969</subfield>
  </datafield>
  <datafield tag="300" ind1=" " ind2=" ">
    <subfield code="a">9 c.</subfield>
    <subfield code="c">21 sm.</subfield>
  </datafield>
  <datafield tag="505" ind1=" " ind2=" ">
    <subfield code="a">1.c.: July 1965-September 1966 / 2.c.: September 1966-December 1967 / 3.c.: January 1968-March 1969</subfield>
  </datafield>
  <datafield tag="651" ind1=" " ind2=" ">
    <subfield code="a">Romanya</subfield>
    <subfield code="x">Siyasal durum </subfield>
  </datafield>
  <datafield tag="651" ind1=" " ind2=" ">
    <subfield code="a">Romanya</subfield>
    <subfield code="x">Sosyalizm</subfield>
    <subfield code="z">Tarih</subfield>
  </datafield>
  <datafield tag="942" ind1=" " ind2=" ">
    <subfield code="2">ddc</subfield>
    <subfield code="c">BKS</subfield>
  </datafield>
  <datafield tag="952" ind1=" " ind2=" ">
    <subfield code="a">0001</subfield>
    <subfield code="b">0001</subfield>
    <subfield code="d">2016-10-18</subfield>
    <subfield code="e">2</subfield>
    <subfield code="l">0</subfield>
    <subfield code="o">320.9498 C32r 1969</subfield>
    <subfield code="p">005413</subfield>
    <subfield code="r">2016-10-18 00:00:00</subfield>
    <subfield code="v">0.00</subfield>
    <subfield code="w">2016-10-18</subfield>
    <subfield code="y">BKS</subfield>
  </datafield>
  <datafield tag="952" ind1=" " ind2=" ">
    <subfield code="a">0001</subfield>
    <subfield code="b">0001</subfield>
    <subfield code="d">2016-10-18</subfield>
    <subfield code="e">2</subfield>
    <subfield code="l">0</subfield>
    <subfield code="o">320.9498 C32r 1969</subfield>
    <subfield code="p">005414</subfield>
    <subfield code="r">2016-10-18 00:00:00</subfield>
    <subfield code="v">0.00</subfield>
    <subfield code="w">2016-10-18</subfield>
    <subfield code="y">BKS</subfield>
  </datafield>
  <datafield tag="952" ind1=" " ind2=" ">
    <subfield code="a">0001</subfield>
    <subfield code="b">0001</subfield>
    <subfield code="d">2016-10-18</subfield>
    <subfield code="e">2</subfield>
    <subfield code="h">c.2</subfield>
    <subfield code="l">0</subfield>
    <subfield code="o">320.9498 C32r 1969</subfield>
    <subfield code="p">005415</subfield>
    <subfield code="r">2016-10-18 00:00:00</subfield>
    <subfield code="v">0.00</subfield>
    <subfield code="w">2016-10-18</subfield>
    <subfield code="y">BKS</subfield>
  </datafield>
  <datafield tag="999" ind1=" " ind2=" ">
    <subfield code="c">2102</subfield>
    <subfield code="d">2102</subfield>
  </datafield>
</record>
